Que vivan los dentistas! / (Record no. 21207)

MARC details
000 -LEADER
fixed length control field 01265cam a2200373 i 4500
001 - CONTROL NUMBER
control field sky287830922
003 - CONTROL NUMBER IDENTIFIER
control field SKY
005 - DATE AND TIME OF LATEST TRANSACTION
control field 20180805211020.0
008 - FIXED-LENGTH DATA ELEMENTS--GENERAL INFORMATION
fixed length control field 170412s2018 mnua j b 001 0 spa
010 ## - LIBRARY OF CONGRESS CONTROL NUMBER
LC control number 2017017566
020 ## - INTERNATIONAL STANDARD BOOK NUMBER
International Standard Book Number 9781512497601 (hard)
020 ## - INTERNATIONAL STANDARD BOOK NUMBER
International Standard Book Number 1512497606 (hard)
020 ## - INTERNATIONAL STANDARD BOOK NUMBER
International Standard Book Number 9781541510609
020 ## - INTERNATIONAL STANDARD BOOK NUMBER
International Standard Book Number 1541510607
040 ## - CATALOGING SOURCE
Original cataloging agency DLC
Language of cataloging eng
Transcribing agency DLC
Description conventions rda
Modifying agency DLC
-- SKYRV
041 1# - LANGUAGE CODE
Language code of text/sound track or separate title spa
Language code of original eng
042 ## - AUTHENTICATION CODE
Authentication code pcc
082 00 - DEWEY DECIMAL CLASSIFICATION NUMBER
Classification number 617.6/0232
Edition number 23
100 1# - MAIN ENTRY--PERSONAL NAME
Personal name Kenan, Tessa.
240 10 - UNIFORM TITLE
Uniform title <a href="Hooray for dentists!">Hooray for dentists!</a>
Language of a work Spanish.
245 10 - TITLE STATEMENT
Title Que vivan los dentistas! /
Statement of responsibility, etc. por Tessa Kenan ; [la traduccion al espanol fue realizada por Annette Granat].
260 ## - PUBLICATION, DISTRIBUTION, ETC. (IMPRINT)
Place of publication, distribution, etc. Minneapolis :
Name of publisher, distributor, etc. Ediciones Lerner,
Date of publication, distribution, etc. [2018]
300 ## - PHYSICAL DESCRIPTION
Extent 24 pages :
Other physical details color illustrations ;
Dimensions 24 cm.
336 ## - CONTENT TYPE
Content type term text
Content type code txt
Source rdacontent.
337 ## - MEDIA TYPE
Media type term unmediated
Media type code n
Source rdamedia.
338 ## - CARRIER TYPE
Carrier type term volume
Carrier type code nc
Source rdacarrier.
490 0# - SERIES STATEMENT
Series statement Bumba books en espanol. Que vivan los ayudantes comunitarios!
504 ## - BIBLIOGRAPHY, ETC. NOTE
Bibliography, etc Includes bibliographical references and index.
520 ## - SUMMARY, ETC.
Summary, etc. Explains what dentists do and the kinds of equipment they use.
650 #0 - SUBJECT ADDED ENTRY--TOPICAL TERM
Topical term or geographic name as entry element Dentists
Form subdivision Juvenile literature.
650 #7 - SUBJECT ADDED ENTRY--TOPICAL TERM
Topical term or geographic name as entry element Dentistas
Form subdivision Literatura juvenil.
Source of heading or term bidex.
700 1# - ADDED ENTRY--PERSONAL NAME
Personal name Granat, Annette.
942 ## - ADDED ENTRY ELEMENTS (KOHA)
Koha item type Libro/Book

No items available.

Powered by Koha